=LDR 00000nam 2200000 4500 =001 INLIS000000000027171 =005 20130612125551 =008 ***********************************Ind** =035 ##$$0010-061300000027171 =041 ##$$a Ind =082 ##$$a 372.3 =090 ##$$a 372.3, Par p =100 ##$$a Parker, Steve =245 ##$$a Penjelajah ruang angkasa misteri ruang angkasa, Steve Parker ; editor, Susan Behar =260 ##$$a 2007 $b Bandung =300 ##$$a 32 hlm, ilus, 29 cm =650 ##$$a Sains pendidikan dasar =700 ##$$a Behar, Susan =850 ##$$a NBPNMAT